[Event "38th TCh-GRE DivA"]
[Site "Peristeri GRE"]
[Date "2010.07.05"]
[Round "1"]
[White "Tsangaris,S"]
[Black "Kotronias,V"]
[Result "0-1"]
[WhiteElo "2012"]
[BlackElo "2582"]
[EventDate "2010.07.05"]

1. c4 Nf6 2. Nc3 g6 3. g3 Bg7 4. Bg2 O-O 5. Nf3 d6 6. O-O e5 7. d3 Re8 8.
Rb1 a5 9. a3 h6 10. b4 axb4 11. axb4 e4 12. Ne1 exd3 13. exd3 Nc6 14. Nc2
Bg4 15. f3 Be6 16. b5 Ne7 17. Ne4 d5 18. Nc5 Bc8 19. Nb3 dxc4 20. dxc4 0-1

[Event "38th TCh-GRE DivA"]
[Site "Peristeri GRE"]
[Date "2010.07.05"]
[Round "1"]
[White "Toumbeli,Z"]
[Black "Papadopoulou,V"]
[Result "0-1"]
[WhiteElo "1994"]
[BlackElo "2242"]
[EventDate "2010.07.05"]

1. Nf3 Nf6 2. d4 d6 3. c3 g6 4. Bg5 Bg7 5. Nbd2 Nbd7 6. e4 O-O 7. Bd3 c5 8.
O-O Rb8 9. e5 dxe5 10. dxe5 Ng4 11. e6 fxe6 12. Ne4 0-1

[Event "38th TCh-GRE DivA"]
[Site "Peristeri GRE"]
[Date "2010.07.07"]
[Round "3"]
[White "Kotrotsos,V"]
[Black "Stavrianakis,I"]
[Result "0-1"]
[WhiteElo "2337"]
[BlackElo "2249"]
[EventDate "2010.07.05"]

1. d4 Nf6 2. c4 e6 3. Nc3 Bb4 4. a3 Bxc3+ 5. bxc3 c5 6. e3 b6 7. Bd3 O-O 8.
Ne2 Ba6 9. e4 d5 10. cxd5 Bxd3 11. Qxd3 exd5 12. e5 Ne8 13. O-O Nc6 14. Ng3
Nc7 15. f4 f6 16. Be3 cxd4 17. cxd4 fxe5 18. fxe5 Ne6 19. Rxf8+ Nxf8 20.
Qf5 Ne7 21. Qg4 Qd7 22. Qxd7 Nxd7 23. e6 Nf8 24. Bg5 Re8 25. Re1 h6 26.
Bxe7 Rxe7 27. Re5 Rxe6 28. Rxd5 Re3 29. a4 Ra3 30. Nf5 Rxa4 31. Re5 Kf7 32.
Nd6+ Kg6 33. d5 Nd7 34. Re6+ Nf6 35. Nc8 Kf7 36. Re7+ Kf8 37. d6 Ne4 38.
Rxa7 Rc4 39. Rc7 Nxd6 40. Rxc4 Nxc4 41. Na7 Ke7 42. Kf2 Kd6 43. Kf3 Kd5 44.
Nc8 b5 45. Ne7+ Ke6 46. Nc8 Kd7 47. Na7 Na3 48. Ke4 0-1

[Event "38th TCh-GRE DivA"]
[Site "Peristeri GRE"]
[Date "2010.07.07"]
[Round "3"]
[White "Sigalas,F"]
[Black "Gimnopoulos,L"]
[Result "0-1"]
[WhiteElo "2276"]
[BlackElo "2139"]
[EventDate "2010.07.05"]

1. e4 c5 2. Nf3 d6 3. Bc4 e6 4. O-O Nf6 5. d3 Be7 6. Bb3 O-O 7. c3 Nc6 8.
Qe2 b6 9. d4 cxd4 10. cxd4 d5 11. exd5 Nxd5 12. Nc3 Ncb4 13. Rd1 Ba6 14.
Qd2 Rc8 15. Ne5 Bd6 16. Nxd5 Nxd5 17. Bxd5 exd5 18. Re1 Re8 19. b3 Qc7 20.
Nf3 Re4 21. Bb2 Bf4 22. Qb4 Be2 23. Ba3 0-1

[Event "38th TCh-GRE DivA"]
[Site "Peristeri GRE"]
[Date "2010.07.08"]
[Round "4"]
[White "Macieja,B"]
[Black "Souleidis,G"]
[Result "1-0"]
[WhiteElo "2639"]
[BlackElo "2410"]
[EventDate "2010.07.05"]

1. Nf3 Nf6 2. c4 g6 3. Nc3 Bg7 4. e4 d6 5. d4 O-O 6. h3 e5 7. d5 Nh5 8. g3
a5 9. Nh2 Na6 10. Be2 Nf6 11. Ng4 Nc5 12. Nxf6+ Qxf6 13. h4 Qe7 14. h5 f5
15. hxg6 hxg6 16. Be3 f4 17. Bxc5 dxc5 18. Qd2 Ra6 19. O-O-O fxg3 20. fxg3
Bf6 21. d6 Rxd6 22. Nd5 Qd8 23. Qxa5 Bg5+ 24. Kb1 Rf2 25. Qe1 Rf7 26. Qc3
Bf6 27. Qe3 c6 28. Nxf6+ Qxf6 29. Rdf1 Qe7 30. Rxf7 Qxf7 31. Qxc5 Qe7 32.
Qe3 Rd4 33. Qh6 Qg7 34. Qg5 Be6 35. Rf1 Bf7 36. Bg4 Bxc4 37. Rf6 Rxe4 38.
Be6+ Kh7 39. Bxc4 Rxc4 40. Re6 1-0

[Event "38th TCh-GRE DivA"]
[Site "Peristeri GRE"]
[Date "2010.07.08"]
[Round "4"]
[White "Zahariev,Z"]
[Black "Halkias,S"]
[Result "1/2-1/2"]
[WhiteElo "2387"]
[BlackElo "2588"]
[EventDate "2010.07.05"]

1. e4 c5 2. Nf3 e6 3. Nc3 Nc6 4. Bb5 Nd4 5. O-O a6 6. Bd3 Ne7 7. Nxd4 cxd4
8. Ne2 Nc6 9. c3 Bc5 10. b4 Ba7 11. a3 O-O 12. cxd4 Nxd4 13. Bb2 Nc6 14.
Kh1 d5 15. e5 Bd7 16. f4 Ne7 17. Nd4 Nf5 18. Bxf5 exf5 19. Qh5 Bxd4 20.
Bxd4 Bb5 21. Rfc1 Qd7 22. Rc3 Qe6 23. Rac1 Rac8 24. Qf3 Rc4 25. Qe3 Rfc8
26. h3 h6 27. Kh2 R8c6 28. d3 Rxc3 29. Rxc3 Kh7 30. Rc5 Rxc5 1/2-1/2

[Event "38th TCh-GRE DivA"]
[Site "Peristeri GRE"]
[Date "2010.07.08"]
[Round "4"]
[White "Banikas,H"]
[Black "Pavlidis,Ana"]
[Result "1/2-1/2"]
[WhiteElo "2591"]
[BlackElo "2359"]
[EventDate "2010.07.05"]

1. d4 d5 2. c4 c6 3. Nc3 Nf6 4. cxd5 cxd5 5. Bf4 Nc6 6. e3 e6 7. Bd3 Bd6 8.
Bg5 O-O 9. Nf3 Be7 10. Rc1 Nd7 11. Bxe7 Qxe7 12. O-O Rd8 13. Bb5 Ndb8 14.
Qe2 Bd7 15. e4 dxe4 16. Qxe4 g6 17. Rfe1 Qf8 18. Qh4 Ne7 19. Bc4 Nf5 20.
Qf4 Bc6 21. g4 Qh6 22. Qxh6 Nxh6 23. Ne5 Bd5 24. Bxd5 exd5 25. h3 f6 26.
Nd3 Nc6 27. Nf4 Nxd4 28. Kg2 Kf7 29. Ncxd5 Rd7 30. Rc5 Rad8 31. Nc3 Ng8 32.
Ne4 h6 33. Rc4 Re7 34. Re3 Nc6 35. Rc5 Rd4 36. f3 Nb4 37. a3 Na6 38. Rd5
Rxd5 39. Nxd5 Re5 40. Nec3 Rxe3 41. Nxe3 Nc7 42. f4 Ne7 43. f5 Nc8 44. Kf3
Nd6 45. a4 b5 46. axb5 Ncxb5 47. Nxb5 Nxb5 48. Ke4 gxf5+ 49. gxf5 Ke7 50.
Kd5 Nd6 51. Kc6 Ne4 52. b4 h5 53. Nd5+ Kf7 54. h4 Ng3 55. Ne3 Ne2 56. Kb7
Nd4 57. Ka6 Kg7 58. b5 Kf7 59. Nd5 Nxf5 60. Kxa7 Nd6 61. b6 Nc8+ 62. Kb7
Nxb6 63. Kxb6 Ke6 64. Kc5 Kf5 65. Kd4 Kg4 66. Ke4 f5+ 67. Ke3 f4+ 68. Ke4
f3 69. Ne3+ Kxh4 70. Kf4 f2 71. Nf1 Kh3 72. Kf3 Kh4 73. Kf4 Kh3 74. Kf3 Kh4
75. Kf4 1/2-1/2

[Event "38th TCh-GRE DivA"]
[Site "Peristeri GRE"]
[Date "2010.07.08"]
[Round "4"]
[White "Kouvatsos,F"]
[Black "Kotronias,V"]
[Result "0-1"]
[WhiteElo "2144"]
[BlackElo "2582"]
[EventDate "2010.07.05"]

1. d4 g6 2. Nf3 Bg7 3. c4 d6 4. Nc3 Nc6 5. e3 e5 6. dxe5 dxe5 7. Qxd8+ Nxd8
8. Be2 Ne6 9. O-O Ne7 10. Rd1 Nc6 11. Bd2 f5 12. Rab1 e4 13. Ne1 Ne5 14.
Nd5 Bd7 15. Bc3 c6 16. Nf4 O-O-O 17. Rd6 Rhe8 18. Rbd1 Nc5 19. Kf1 Na4 20.
Bd4 c5 21. Bxe5 Bxe5 22. R6d5 Bxb2 23. Rb1 Bc6 24. Rxd8+ Rxd8 25. Ne6 Rd2
26. Rd1 Rxd1 27. Bxd1 Nc3 28. Bb3 Kd7 29. Nf8+ Ke7 30. Nxh7 a5 31. Ng5 a4
32. Bc2 Nxa2 33. f3 Nb4 34. fxe4 a3 35. Bb1 Bf6 36. exf5 Bxg5 0-1

[Event "38th TCh-GRE DivA"]
[Site "Peristeri GRE"]
[Date "2010.07.08"]
[Round "4"]
[White "Papadopoulou,V"]
[Black "Kouvatsou,M"]
[Result "1-0"]
[WhiteElo "2242"]
[BlackElo "2185"]
[EventDate "2010.07.05"]

1. d4 Nf6 2. c4 g6 3. Nc3 Bg7 4. e4 d6 5. Be2 O-O 6. Bg5 Na6 7. Qd2 e5 8.
d5 c6 9. Bd1 cxd5 10. cxd5 b5 11. Bc2 b4 12. Nd1 Nc5 13. f3 a5 14. Ne2 Qb6
15. Nf2 Ba6 16. O-O Nfd7 17. Rfe1 Rac8 18. Ng3 a4 19. b3 a3 20. h4 Rc7 21.
h5 Rfc8 22. hxg6 hxg6 23. Be3 Qb7 24. Rac1 Nf6 25. f4 Ncd7 26. f5 Rc3 27.
Bb1 Qc7 28. fxg6 fxg6 29. Rcd1 Qd8 30. Ne2 Bxe2 31. Qxe2 Nh5 32. Qg4 Nf8
33. g3 Qf6 34. Bd3 R3c7 35. Bd2 Rb8 36. Rc1 Rf7 37. Nh1 Qd8 38. Rc6 Bf6 39.
Rec1 Kg7 40. R1c4 Qa5 41. Rxd6 Qa7+ 42. Kg2 Bd8 43. Qe2 Nd7 44. Qe3 Qxe3
45. Bxe3 Nhf6 46. Nf2 Be7 47. Rdc6 Rbf8 48. d6 Bd8 49. Rxb4 Nh5 50. Be2 Bg5
51. Ba7 Ra8 52. Rb7 Ndf6 53. Rcc7 Raf8 54. Bc4 Rxc7 55. dxc7 1-0

[Event "38th TCh-GRE DivA"]
[Site "Peristeri GRE"]
[Date "2010.07.08"]
[Round "4"]
[White "Fragaki,M"]
[Black "Iordanidou,Z"]
[Result "0-1"]
[WhiteElo "1935"]
[BlackElo "2107"]
[EventDate "2010.07.05"]

1. e4 d5 2. exd5 Qxd5 3. Nc3 Qa5 4. Bc4 Nf6 5. d3 Bg4 6. f3 Bd7 7. Bd2 Qb6
8. h3 e6 9. Qe2 Nc6 10. Na4 Qd4 11. f4 Nb4 12. Bb3 Bxa4 13. Bxa4+ c6 14.
Nf3 Nxd3+ 15. cxd3 Qxa4 16. f5 O-O-O 17. fxe6 Re8 18. O-O Bc5+ 19. Kh1 Rxe6
20. Qd1 Qxd1 21. Rfxd1 h6 22. Bc3 Nh5 23. d4 Ng3+ 24. Kg1 Bb6 25. a4 a5 26.
Re1 Rhe8 27. Rxe6 Rxe6 28. Kf2 Bc7 29. Re1 Ne4+ 30. Kf1 g5 31. Rd1 f5 32.
Be1 g4 33. hxg4 fxg4 34. Nd2 Nd6 35. b3 Nf5 36. Bf2 g3 37. Bg1 Ne3+ 38.
Bxe3 Rxe3 39. Rb1 h5 40. Nf3 Bd6 41. Ne1 h4 42. Nc2 Rc3 43. Ne1 Be7 44. Ke2
Bf6 45. Nf3 Rc2+ 46. Kf1 Rf2+ 0-1

[Event "38th TCh-GRE DivA"]
[Site "Peristeri GRE"]
[Date "2010.07.08"]
[Round "4"]
[White "Fragkou,E"]
[Black "Schut,L"]
[Result "0-1"]
[WhiteElo "1896"]
[BlackElo "2286"]
[EventDate "2010.07.05"]

1. e4 e6 2. d4 d5 3. Nd2 Nf6 4. e5 Nfd7 5. Bd3 c5 6. c3 Nc6 7. Ngf3 f6 8.
exf6 Nxf6 9. Ne5 cxd4 10. cxd4 Nxd4 11. Qa4+ Nc6 12. Bb5 Bd7 13. Nxc6 bxc6
14. Bxc6 Bd6 15. Nf3 O-O 16. Bxd7 Nxd7 17. O-O Rxf3 18. gxf3 Ne5 19. Kg2
Rb8 20. a3 Nc4 21. Qd1 Qf6 22. f4 Nxb2 23. Bxb2 Rxb2 24. Qg4 Bxf4 25. Rab1
Rc2 26. Rb3 Rc4 27. Rf3 Qe5 28. Qh4 Qe4 29. Rd1 g5 30. Qh5 Rc7 31. Kf1 Qc4+
32. Rfd3 Rf7 33. Qe2 Bxh2 34. Qxe6 Bg3 35. Qxf7+ Kxf7 36. fxg3 Ke6 37. Kf2
Qc5+ 38. Kf3 Qc4 39. Kf2 h5 40. Re1+ Kd6 41. Red1 Qe4 42. Kg1 a5 43. Kf2
Kc5 44. Rc1+ Kb5 45. a4+ Kb4 46. Rd2 d4 47. Rb2+ Ka3 48. Re2 Qf5+ 49. Kg1
Qd3 50. Kf2 g4 51. Rg1 Qf3+ 52. Ke1 d3 53. Reg2 Qc6 54. Kd2 Qc2+ 55. Ke3
Qc3 56. Rd1 d2+ 0-1

[Event "38th TCh-GRE DivA"]
[Site "Peristeri GRE"]
[Date "2010.07.08"]
[Round "4"]
[White "Pavlidou,E"]
[Black "Filippas,S"]
[Result "0-1"]
[WhiteElo "2182"]
[BlackElo "2208"]
[EventDate "2010.07.05"]

1. d4 Nf6 2. c4 e6 3. Nc3 Bb4 4. e3 O-O 5. Bd3 Re8 6. Bd2 d5 7. a3 Bf8 8.
Nf3 Nbd7 9. O-O c6 10. cxd5 exd5 11. b4 a5 12. b5 c5 13. a4 Bd6 14. Rc1
cxd4 15. exd4 Nb6 16. Bg5 Bg4 17. Bb1 h6 18. Bh4 Bf4 19. Rc2 Rc8 20. Ne2
Bxf3 21. gxf3 Bg5 22. Bg3 h5 23. h4 Bh6 24. Qd3 g6 25. Nf4 Rxc2 26. Bxc2
Qe7 27. Kh1 Bxf4 28. Bxf4 Qe2 29. Be5 Qxd3 30. Bxd3 Nfd7 31. f4 Rc8 32. Rg1
Rc3 33. Bb1 Rh3+ 34. Kg2 Rxh4 35. Kf3 Rh3+ 36. Ke2 Nxe5 37. dxe5 Nxa4 38.
Kd2 Kf8 39. Rc1 Rf3 40. Rc8+ Ke7 41. Rc7+ Ke6 42. Rxb7 Rxf4 43. Ke3 Rb4 44.
Bd3 Rb3 45. Ra7 Nc5 46. Ra6+ Nxa6 47. bxa6 Rb8 48. Bb5 Ra8 49. Kd4 a4 50.
f4 a3 51. Kc3 a2 52. Kb2 Rb8 0-1

[Event "38th TCh-GRE DivA"]
[Site "Peristeri GRE"]
[Date "2010.07.08"]
[Round "4"]
[White "Hnaras,F"]
[Black "Tzouganakis,P"]
[Result "0-1"]
[WhiteElo "1551"]
[BlackElo "2095"]
[EventDate "2010.07.05"]

1. d4 Nf6 2. c4 g6 3. Nc3 Bg7 4. e4 d6 5. h3 O-O 6. Nf3 e5 7. dxe5 dxe5 8.
Qxd8 Rxd8 9. Bg5 c6 10. Nxe5 Re8 11. O-O-O Na6 12. Nf3 Nd7 13. Nd4 Nac5 14.
f3 Bxd4 15. Rxd4 Ne6 16. Be3 Nxd4 17. Bxd4 b6 18. Be2 Bb7 19. Rd1 Rad8 20.
a4 Nf8 21. g3 Ne6 22. Bf2 Rxd1+ 23. Kxd1 Rd8+ 24. Kc2 Nd4+ 25. Bxd4 Rxd4
26. b3 Rd8 27. Nd1 f6 28. Ne3 Kf7 29. Kc3 Bc8 30. h4 Re8 31. Kd2 f5 32.
exf5 Bxf5 33. Nxf5 gxf5 34. Bd3 Rg8 35. Bxf5 Rxg3 36. Bxh7 Rxf3 37. Be4
Rxb3 38. Bxc6 Rh3 39. h5 Rxh5 40. Kc3 Rc5 41. Bb5 a5 42. Kd4 Ke6 43. Ke4
Kd6 44. Kd4 Rh5 45. Kc3 Kc5 46. Bd7 Rg5 47. Bb5 Rg3+ 48. Kb2 Kb4 49. Kc2
Rc3+ 0-1

[Event "38th TCh-GRE DivA"]
[Site "Peristeri GRE"]
[Date "2010.07.08"]
[Round "4"]
[White "Papadopoulos,Geo3"]
[Black "Kalogeris,I"]
[Result "1-0"]
[WhiteElo "1919"]
[BlackElo "1853"]
[EventDate "2010.07.05"]

1. e4 c5 2. Nf3 d6 3. d4 cxd4 4. Nxd4 Nf6 5. Nc3 e6 6. g4 a6 7. g5 Nfd7 8.
h4 b5 9. a3 Bb7 10. Be3 Qc7 11. Qd2 Nb6 12. O-O-O N8d7 13. Bxb5 axb5 14.
Ndxb5 Qc6 15. Bxb6 Nxb6 16. Nxd6+ Bxd6 17. Qxd6 Qxd6 18. Rxd6 Nc4 19. Rd4
Ne5 20. Rhd1 Bc6 21. f4 Nd7 22. Rc4 Nb8 23. a4 O-O 24. Rd6 Bd7 25. Rb4 Ra7
26. Rdb6 Nc6 27. Rc4 Ne7 28. b4 Ng6 29. b5 Nxh4 30. Rd6 Bc8 31. b6 Ra8 32.
Rc7 Rb8 33. a5 Ng2 34. Ne2 Ra8 35. Rxc8 Raxc8 36. b7 Rc5 37. a6 Ra5 38. Rc6
1-0

[Event "38th TCh-GRE DivA"]
[Site "Peristeri GRE"]
[Date "2010.07.08"]
[Round "4"]
[White "Kritz,L"]
[Black "Kapnisis,S"]
[Result "1-0"]
[WhiteElo "2618"]
[BlackElo "2514"]
[EventDate "2010.07.05"]

1. e4 e5 2. Nf3 Nc6 3. Bb5 a6 4. Ba4 Nf6 5. O-O Be7 6. Re1 d6 7. Bxc6+ bxc6
8. d4 exd4 9. Nxd4 Bd7 10. Nc3 O-O 11. h3 h6 12. Bf4 Re8 13. Qd3 Nh7 14. e5
Nf8 15. Qg3 Bh4 16. Qf3 dxe5 17. Bxe5 Ng6 18. Bg3 Bxg3 19. Qxg3 Qf6 20. Nf3
Bf5 21. Rac1 Rab8 22. Rxe8+ Rxe8 23. Kh2 Rc8 24. Nd1 Be6 25. b3 Nf4 26. Ng1
Rd8 27. Nc3 Rd7 28. Ne4 Qf5 29. Re1 Bd5 30. f3 Nh5 31. Qf2 Re7 32. Ng3 Qg5
33. Rxe7 1-0

[Event "38th TCh-GRE DivA"]
[Site "Peristeri GRE"]
[Date "2010.07.08"]
[Round "4"]
[White "Sandalakis,A"]
[Black "Postny,E"]
[Result "0-1"]
[WhiteElo "2343"]
[BlackElo "2577"]
[EventDate "2010.07.05"]

1. e4 e5 2. Nf3 Nc6 3. Bb5 a6 4. Ba4 Nf6 5. O-O Be7 6. Re1 b5 7. Bb3 d6 8.
c3 O-O 9. h3 Nb8 10. d4 Nbd7 11. Nbd2 Bb7 12. a4 c5 13. d5 c4 14. Bc2 Nc5
15. Nf1 Qc7 16. Ng3 g6 17. Nh2 Rfb8 18. Ng4 Nxg4 19. hxg4 Bc8 20. Qe2 Qd7
21. axb5 axb5 22. Rxa8 Rxa8 23. f3 Bd8 24. Be3 Bb6 25. Nf1 Ra2 26. Rb1 Qa7
27. Kh2 Bd7 28. Qd2 Be8 29. Qc1 Nd7 30. Bxb6 Qxb6 31. Ne3 Nc5 32. g3 Bd7
33. Kg2 b4 34. cxb4 Qxb4 35. Nd1 Qe1 36. Qe3 Qxe3 37. Nxe3 c3 38. b4 Nd3
39. b5 Bxb5 40. Rxb5 Ne1+ 41. Kh3 Nxc2 42. Rb8+ Kg7 43. Nxc2 Rxc2 44. g5
Rc1 45. Rc8 c2 46. Kg2 h6 47. gxh6+ Kxh6 48. Rc7 f5 49. Rc6 Kg7 50. Rc8 Kf7
51. Rc7+ Ke8 52. Rc8+ Kd7 53. Rc3 fxe4 54. fxe4 g5 55. Rc4 g4 56. Rc3 Re1
57. Rxc2 Rxe4 58. Rb2 Rd4 59. Rb5 Rd2+ 60. Kf1 Ke7 61. Ke1 Rd3 62. Kf2 Kf6
63. Rb4 Kf5 0-1

[Event "38th TCh-GRE DivA"]
[Site "Peristeri GRE"]
[Date "2010.07.08"]
[Round "4"]
[White "Stavrianakis,I"]
[Black "Khetsuriani,B"]
[Result "1/2-1/2"]
[WhiteElo "2249"]
[BlackElo "2357"]
[EventDate "2010.07.05"]

1. d4 e6 2. e4 c5 3. d5 exd5 4. exd5 d6 5. Nf3 Nf6 6. Be2 Be7 7. O-O O-O 8.
h3 Na6 9. c4 Bf5 10. Nc3 Ne4 11. Nxe4 Bxe4 12. Bd3 Bxd3 13. Qxd3 Bf6 14. a3
Rb8 15. Rb1 Nc7 16. Bf4 b6 17. b3 Re8 18. Rfe1 Qd7 19. Nd2 Rxe1+ 20. Rxe1
Re8 21. Ne4 Be5 22. Ng5 g6 23. Bxe5 Rxe5 24. Rxe5 dxe5 25. d6 Ne6 26. Nxe6
fxe6 27. f3 Kf7 28. Kf2 Ke8 29. b4 a6 30. bxc5 bxc5 31. h4 Kd8 32. g4 Qc6
33. h5 Kd7 34. hxg6 hxg6 35. Qxg6 Qxd6 36. Qh7+ Ke8 37. Qe4 Kf8 38. Kg3 Kg7
39. g5 Qd4 40. Kh3 Qa1 41. Kg2 Qb2+ 42. Kg3 1/2-1/2

[Event "38th TCh-GRE DivA"]
[Site "Peristeri GRE"]
[Date "2010.07.08"]
[Round "4"]
[White "Delithanasis,D"]
[Black "Parginos,V"]
[Result "0-1"]
[WhiteElo "2210"]
[BlackElo "2227"]
[EventDate "2010.07.05"]

1. Nf3 Nf6 2. c4 e6 3. g3 d5 4. b3 c5 5. Bg2 d4 6. e3 Nc6 7. O-O Be7 8. Re1
O-O 9. d3 Nd7 10. Na3 Bf6 11. e4 e5 12. h3 Re8 13. Nh2 Nf8 14. Rf1 a6 15.
Bd2 Nb4 16. Be1 Bd7 17. Nb1 Qc8 18. a3 Nc6 19. Ng4 Bd8 20. f4 exf4 21. gxf4
f5 22. Nf2 Ng6 23. Bd2 Bh4 24. e5 Nd8 25. Bd5+ Ne6 26. Qf3 Rb8 27. a4 Kh8
28. Na3 Bc6 29. Nc2 Qd7 30. Rab1 Ne7 31. Bxc6 Nxc6 32. b4 g5 33. b5 Ne7 34.
Nh1 gxf4 35. Bxf4 Ng6 36. Bg3 f4 37. Qd5 Qg7 38. Bxh4 Nxh4+ 39. Kh2 Ng5 40.
Rxf4 Rxe5 0-1

[Event "38th TCh-GRE DivA"]
[Site "Peristeri GRE"]
[Date "2010.07.08"]
[Round "4"]
[White "Papadakis,M"]
[Black "Savoglou,N"]
[Result "1-0"]
[WhiteElo "2207"]
[BlackElo "1933"]
[EventDate "2010.07.05"]

1. d4 e6 2. c4 Nf6 3. Nc3 Bb4 4. Qc2 Nc6 5. Nf3 d6 6. Bd2 Qe7 7. e3 O-O 8.
Bd3 Re8 9. O-O Bxc3 10. Bxc3 e5 11. d5 Nb8 12. Nd2 a5 13. Rae1 Nbd7 14. Qb1
Nc5 15. Bc2 Bd7 16. b3 c6 17. dxc6 bxc6 18. f4 e4 19. f5 Nd3 20. Bxd3 exd3
21. Qxd3 c5 22. Bxf6 gxf6 23. e4 Bc6 24. Rf4 Kf8 25. Rh4 Rad8 26. Rxh7 Qe5
27. Rh8+ Ke7 28. Rxe8+ Rxe8 29. Nf3 Qb2 30. Rd1 Rd8 31. Rd2 Qa1+ 32. Kf2
Qc1 33. Qc2 Qxc2 34. Rxc2 Rb8 35. Ke3 a4 36. Nd2 axb3 37. axb3 Rg8 38. Kf3
Rg5 39. g4 Rg8 40. Ra2 1-0

[Event "38th TCh-GRE DivA"]
[Site "Peristeri GRE"]
[Date "2010.07.08"]
[Round "4"]
[White "Kokossis,D"]
[Black "Androni,K"]
[Result "0-1"]
[WhiteElo "1753"]
[BlackElo "1870"]
[EventDate "2010.07.05"]

1. e4 c5 2. Nf3 d6 3. d4 cxd4 4. Nxd4 Nf6 5. Nc3 g6 6. Be3 Bg7 7. f3 O-O 8.
Qd2 Nc6 9. O-O-O Bd7 10. g4 Rc8 11. Kb1 Qa5 12. h4 h5 13. gxh5 Nxh5 14. Rg1
Kh7 15. Nd5 e6 16. Nxc6 Qxd2 17. Rxd2 bxc6 18. Nf4 Bh6 19. Ng2 Bxe3 20.
Nxe3 d5 21. Ng4 Rfd8 22. e5 Kg7 23. Bd3 c5 24. c3 Bc6 25. Nf2 Nf4 26. Rg3
Rh8 27. Rg4 Nxd3 28. Rxd3 Rh5 29. f4 Bb5 30. Rh3 Rch8 31. Nd3 Bxd3+ 32.
Rxd3 Rxh4 33. Rxh4 Rxh4 34. Rf3 Kh6 35. Kc2 Kh5 36. Kb3 Kg4 37. Rf2 Kg3 38.
Rf1 Rxf4 39. Rh1 g5 40. Rg1+ Kh4 41. Rh1+ Kg4 42. Rh7 Kf3 0-1

[Event "38th TCh-GRE DivA"]
[Site "Peristeri GRE"]
[Date "2010.07.08"]
[Round "4"]
[White "Androni,Dimitra"]
[Black "Malikentzou,N"]
[Result "1-0"]
[WhiteElo "1492"]
[BlackElo "1610"]
[EventDate "2010.07.05"]

1. e4 g6 2. Nc3 Bg7 3. f4 d6 4. Nf3 a6 5. Bc4 b5 6. Bb3 Nh6 7. O-O O-O 8.
f5 gxf5 9. exf5 Bxf5 10. d3 Bg6 11. Qe1 Qd7 12. Nd5 Nf5 13. Nf4 Nc6 14.
Nxg6 hxg6 15. Qe4 Ncd4 16. Nxd4 Bxd4+ 17. Kh1 Bf6 18. g4 Nd4 19. Bxf7+ Kxf7
20. g5 Nxc2 21. gxf6 exf6 22. Bg5 Kg7 23. Bxf6+ Rxf6 24. Rxf6 Nxa1 25.
Qxg6+ Kh8 26. Qh5+ Kg8 27. Qg5+ 1-0

[Event "38th TCh-GRE DivA"]
[Site "Peristeri GRE"]
[Date "2010.07.08"]
[Round "4"]
[White "Drakakis,G"]
[Black "Dimopoulos,D"]
[Result "0-1"]
[WhiteElo "1758"]
[BlackElo "1919"]
[EventDate "2010.07.05"]

1. e4 c5 2. Nc3 a6 3. d3 Nc6 4. f4 g6 5. Nf3 Bg7 6. Be2 d6 7. O-O e6 8. f5
exf5 9. exf5 Bxf5 10. Ng5 h6 11. Nge4 d5 12. Ng3 Be6 13. Bg4 Nf6 14. Bxe6
fxe6 15. Bd2 O-O 16. Nce2 Qd7 17. Nf4 Kh7 18. c3 e5 19. Nfe2 Rad8 20. Qc2
Ng8 21. Rxf8 Rxf8 22. c4 Rd8 23. Rd1 h5 24. Bg5 Bf6 25. Bxf6 Nxf6 26. a3
Ng4 27. cxd5 Qxd5 28. Qd2 c4 29. h3 cxd3 30. Nc3 Qd4+ 31. Kh1 Nf2+ 32. Kh2
Nxd1 33. Qxd1 Qf4 34. Nce4 h4 0-1

[Event "38th TCh-GRE DivA"]
[Site "Peristeri GRE"]
[Date "2010.07.08"]
[Round "4"]
[White "Zeppos,P"]
[Black "Gkougkousis,N"]
[Result "1-0"]
[WhiteElo "1886"]
[BlackElo "1657"]
[EventDate "2010.07.05"]

1. e4 c5 2. Nf3 d6 3. d4 cxd4 4. Nxd4 a6 5. Nc3 e6 6. g4 Nc6 7. Be3 Be7 8.
Bg2 Nxd4 9. Bxd4 Bf6 10. h3 Ne7 11. Qd2 Ng6 12. Bxf6 gxf6 13. O-O-O Ke7 14.
h4 Qb6 15. f4 Rd8 16. h5 Nf8 17. Rhe1 Bd7 18. g5 Bc6 19. gxf6+ Kxf6 20. e5+
dxe5 21. fxe5+ Ke7 22. Qg5+ Ke8 23. Bxc6+ Qxc6 24. Rxd8+ Rxd8 25. Ne4 Nd7
26. Nd6+ Kf8 27. Qxd8+ 1-0

[Event "38th TCh-GRE DivA"]
[Site "Peristeri GRE"]
[Date "2010.07.08"]
[Round "4"]
[White "Kopalidis,Miltiadis"]
[Black "Ladopoulos,D"]
[Result "0-1"]
[WhiteElo "1538"]
[BlackElo "1872"]
[EventDate "2010.07.05"]

1. e4 e6 2. d4 d5 3. Nd2 c5 4. c3 cxd4 5. cxd4 dxe4 6. Nxe4 Nc6 7. Nf3 Be7
8. Be3 Nf6 9. Nc3 O-O 10. Be2 Nb4 11. O-O Nbd5 12. Nxd5 Nxd5 13. Qd2 b6 14.
Rac1 Bb7 15. a3 Bf6 16. Bg5 h6 17. Bxf6 Nxf6 18. Rfe1 Qd6 19. Red1 Rfd8 20.
Ne1 Rac8 21. Rxc8 Rxc8 22. Bf3 Bxf3 23. Nxf3 Qc7 24. Ne1 Ne4 25. Qe3 Nd6
26. Kf1 Nf5 27. Qe5 Qc4+ 28. Kg1 Rd8 29. Nf3 Qc2 30. Re1 Qxb2 31. Qc7 Rd5
32. Qxa7 Nxd4 33. Nxd4 Rxd4 34. h3 Rd2 35. Qa8+ Kh7 36. Qe4+ g6 37. Qf3 Kg7
38. Qe3 Rd5 39. Qf3 Rb5 40. Re3 Qb1+ 41. Kh2 Qb2 42. Qg3 Rg5 43. Qh4 Rf5
44. Kg1 h5 45. Qg3 Qf6 46. Rb3 b5 47. Rb1 Qd4 48. Re1 Rd5 49. Qc7 e5 50.
Re3 Rc5 51. Qa5 Rc1+ 52. Re1 Rc2 53. Rf1 Qb2 54. a4 b4 55. Qb6 Qd4 56. a5
Qxb6 57. axb6 Rc6 58. Re1 Kf6 59. Rb1 Rxb6 60. Rb3 Ke6 61. Kf1 Kd5 62. Ke2
Kc4 63. Rb1 b3 64. Kd2 b2 65. Kc2 Kd4 66. Kd2 e4 67. g3 Rb3 68. h4 Rf3 69.
Ke2 Kc3 70. Kd1 Rxf2 0-1

[Event "38th TCh-GRE DivA"]
[Site "Peristeri GRE"]
[Date "2010.07.08"]
[Round "4"]
[White "Kempinski,R"]
[Black "Navara,D"]
[Result "1/2-1/2"]
[WhiteElo "2612"]
[BlackElo "2731"]
[EventDate "2010.07.05"]

1. d4 Nf6 2. c4 g6 3. g3 c5 4. d5 b5 5. cxb5 a6 6. bxa6 d6 7. Nf3 Bg7 8.
Bg2 Nbd7 9. Nc3 Nb6 10. O-O O-O 11. Ne1 Bxa6 12. Nc2 Nfd7 13. Ne3 f5 14.
Qc2 Bd4 15. Rb1 Ne5 16. Ned1 Rf7 17. b4 Nec4 18. bxc5 Bxc5 19. Nb5 Bxb5 20.
Rxb5 Na3 21. Bxa3 Rxa3 22. Nc3 Qc7 23. Rb3 Rxb3 24. Qxb3 Rf8 25. e3 Ra8 26.
a4 Nd7 27. Ra1 Ne5 28. Nb5 Qa5 29. h3 Kf7 30. Qc3 Qxc3 31. Nxc3 Bb4 32. Nb5
Nd7 33. Nc7 Ra5 34. Bf1 Nc5 35. Bb5 Ra7 36. Ne6 1/2-1/2

[Event "38th TCh-GRE DivA"]
[Site "Peristeri GRE"]
[Date "2010.07.08"]
[Round "4"]
[White "Argiroudis,S"]
[Black "Georgiadis,I"]
[Result "1-0"]
[WhiteElo "2315"]
[BlackElo "2457"]
[EventDate "2010.07.05"]

1. d4 Nf6 2. c4 e6 3. g3 d5 4. Bg2 Bb4+ 5. Bd2 Be7 6. Nf3 c6 7. Qc2 O-O 8.
O-O Nbd7 9. Rd1 b6 10. b3 Bb7 11. Nc3 Rc8 12. e4 c5 13. exd5 exd5 14. Bf4
Nh5 15. Be3 dxc4 16. dxc5 Nhf6 17. b4 bxc5 18. b5 Qa5 19. a4 Rcd8 20. Bf4
Rfe8 21. Nd2 Bxg2 22. Nxc4 Qb4 23. Na2 Be4 24. Nxb4 Bxc2 25. Nxc2 Nb6 26.
Nxb6 axb6 27. Bc7 Rxd1+ 28. Rxd1 Ra8 29. Bxb6 Rxa4 30. Bc7 Ne8 31. Rd7 Kf8
32. b6 Nxc7 33. Rxc7 Ra8 34. b7 Re8 35. Rc8 Bd6 36. Ne3 Bb8 37. Nf5 1-0

[Event "38th TCh-GRE DivA"]
[Site "Peristeri GRE"]
[Date "2010.07.08"]
[Round "4"]
[White "Goumas,G"]
[Black "Ilandzis,S"]
[Result "1-0"]
[WhiteElo "2298"]
[BlackElo "2200"]
[EventDate "2010.07.05"]

1. e4 d5 2. exd5 Qxd5 3. Nc3 Qa5 4. d4 Nf6 5. Bd2 Bf5 6. Bc4 c6 7. Qf3 e6
8. O-O-O Bg4 9. Qg3 Bxd1 10. Nd5 Qa4 11. Nc7+ Kd7 12. Bb3 Qxd4 13. Nxa8
Qxd2+ 14. Kxd2 Ne4+ 15. Kxd1 Nxg3 16. hxg3 Na6 17. Nf3 f6 18. Nh4 h6 19.
Ng6 Rg8 20. Re1 Nc5 21. Nc7 Kxc7 22. Bxe6 Nxe6 23. Rxe6 Bc5 24. f4 Rd8+ 25.
Ke2 Rd5 26. Re8 Rd8 27. Rxd8 Kxd8 28. g4 Ke8 29. Kf3 Kf7 30. f5 Bd6 31. c3
Bc7 32. Nh4 Bd6 33. Ke4 Bg3 34. Ng6 Bd6 35. a4 Bg3 36. Kd3 a5 37. Kc4 Bd6
38. Nh4 Ke7 39. Nf3 Kf7 40. b4 axb4 41. cxb4 g6 42. Nd4 h5 43. Nxc6 bxc6
44. fxg6+ Kxg6 45. gxh5+ Kxh5 46. a5 Kg4 47. a6 Bb8 48. Kc5 Ba7+ 49. Kxc6
Kg3 50. b5 f5 51. b6 Bxb6 52. Kxb6 f4 53. a7 Kxg2 54. a8=Q+ f3 55. Kc5 Kg3
56. Kd5 1-0